TH-SOF-1400-Word Spotting in Document Image Analysis (Record no. 576909)
[ view plain ]
| 000 -LEADER | |
|---|---|
| fixed length control field | 00372nam a22001217a 4500 |
| 082 ## - DEWEY DECIMAL CLASSIFICATION NUMBER | |
| Classification number | 200 THE |
| 100 ## - MAIN ENTRY--PERSONAL NAME | |
| Personal name | Hafiz Adnan Niaz |
| 9 (RLIN) | 69778 |
| 245 ## - TITLE STATEMENT | |
| Title | TH-SOF-1400-Word Spotting in Document Image Analysis |
| 260 ## - PUBLICATION, DISTRIBUTION, ETC. | |
| Place of publication, distribution, etc. | ISLAMABAD |
| Name of publisher, distributor, etc. | NUST COLLEGE OF EME |
| Date of publication, distribution, etc. | 2017 |
| 650 ## - SUBJECT ADDED ENTRY--TOPICAL TERM | |
| Topical term or geographic name entry element | MS-COMPUTER ENGINEERING-77 MSTHESIS |
| 9 (RLIN) | 69779 |
| 700 ## - ADDED ENTRY--PERSONAL NAME | |
| Personal name | Supervisor Dr. Usman Akram |
| 9 (RLIN) | 69780 |
| 942 ## - ADDED ENTRY ELEMENTS (KOHA) | |
| Koha item type | Computer Files |
| Withdrawn status | Lost status | Damaged status | Not for loan | Permanent Location | Current Location | Shelving location | Date acquired | Total Checkouts | Full call number | Barcode | Date last seen | Price effective from | Koha item type |
|---|---|---|---|---|---|---|---|---|---|---|---|---|---|
| College of Electrical & Mechanical Engineering (CEME) | College of Electrical & Mechanical Engineering (CEME) | Reference | 11/06/2019 | 200 THE | TH-SOF-1400 | 06/28/2021 | 06/28/2021 | Computer Files |
